LEADER 01038nam a2200205 i 4500 001 000000021423 003 CaOOAMICUS 005 20180830125445.0 008 180830n it u000 u ita u 040 $aSeMil$bita 100 1 $aBatiffol, Pierre <1861-1929>.$0(OLS)http://semarc/name/6942 245 10$aEtudes d'histoire et de theologie positive /$cPierre Batiffol. 260 $aParis :$bGabalda,$c[1900?] 260 $aParis :$bLecoffre,$c[1900?] 300 $a2 v. ;$c19 cm. 774 0 $aBatiffol, Pierre <1861-1929>$tDiscipline de l'arcane ; les origines de la pénitence ; la hierarchie primitive ; l'agape.$dParis : Lecoffre, 1926.$b7. éd.$g1$w()42205 774 0 $aBatiffol, Pierre <1861-1929>$tEucharistie ; la presence réelle et la transsubstantation.$dParis : Lecoffre, 1920.$b8. éd.$g2$w()163061 996 $6245$aEtudes d'histoire et de theologie positive$9(OLS)http://semarc/title/28364 996 $6260$aParis :$bLecoffre$9(OLS)http://semarc/publisher/29623 996 $6260$aParis :$bGabalda$9(OLS)http://semarc/publisher/29624 LEADER 01765nam a2200325 i 4500 001 000000216753 003 CaOOAMICUS 005 20260306095923.0 008 121108s2012 it u000 u ita u 020 $a978-88-12-00103-3 040 $aSeMil$bita 240 10$aMilione.$0(OLS)http://semarc/title/433664 245 13$aIl Milione di Marco Polo :$bnell'edizione di Giovanni Battista Ramusio /$ctesto a cura di Francesco Ursini ; illustrazioni di Mimmo Paladino. 264 1$aRoma :$bIstituto della Enciclopedia Italiana,$c2012. 300 $aCXII, 210 p., 13 carte di tav. :$bill. ;$c35 cm. 490 1 $aClassici Treccani. I grandi autori della letteratura italiana 650 4$aViaggi - Descrizioni letterarie - Asia - sec. 13.$0(OLS)http://semarc/subject/55901 650 4$aPolo, Marco <1254-1324> . Il Milione.$0(OLS)http://semarc/subject/46692 700 1 $aUrsini, Francesco,$d<1976- >.$0(OLS)http://semarc/name/76650 700 1 $aPolo, Marco,$d<1254-1324>.$0(OLS)http://semarc/name/19489 700 1 $aPaladino, Mimmo.$0(OLS)http://semarc/name/76651 830 0$aClassici Treccani. I grandi autori della letteratura italiana.$0(OLS)http://semarc/title/409647 850 $aSeMil 852 $aSeMil$W1$xVenegono$y1$mSL1.K VII 12$j268030$B167169$CSeMilBibl$Z2$F182502 $8I 961 $aAcquisto: Treccani, Istituto della Enciclopedia Italiana. 961 $aEsemplare n. 404 di ed. numerata di 1499 copie. 996 $6020$a978-88-12-00103-3$9(OLS)http://semarc/number/213881 996 $6245$aIl Milione di Marco Polo :$bnell'edizione di Giovanni Battista Ramusio$9(OLS)http://semarc/title/311594 996 $6264$aRoma :$bIstituto della Enciclopedia Italiana$9(OLS)http://semarc/publisher/30014